য়্যানিম্যাল ফার্ম / (Record no. 64398)
[ view plain ]
| 000 -LEADER | |
|---|---|
| fixed length control field | 01408nam a2200277 a 4500 |
| 001 - CONTROL NUMBER | |
| control field | 64398 |
| 003 - CONTROL NUMBER IDENTIFIER | |
| rucl marc code | BD-RjUL |
| 005 - DATE AND TIME OF LATEST TRANSACTION | |
| control field | 20211209081314.0 |
| 008 - FIXED-LENGTH DATA ELEMENTS--GENERAL INFORMATION | |
| fixed length control field | 170214s1946 ii ||||| |||| 00| d ben d |
| 035 ## - SYSTEM CONTROL NUMBER | |
| System control number | (BD-RjUL)64528 |
| 040 ## - CATALOGING SOURCE | |
| Original cataloging agency | BD-RjUL |
| Language of cataloging | ben |
| Transcribing agency | BD-RjUL |
| 041 ## - LANGUAGE CODE | |
| Language code of text/sound track or separate title | ben |
| 082 ## - DEWEY DECIMAL CLASSIFICATION NUMBER | |
| Edition number | 23 |
| Classification number | 791.4372 |
| Author mark and year | ORA 1946 |
| 100 1# - MAIN ENTRY--PERSONAL NAME | |
| Personal name | অরওয়েল, জর্জ |
| 9 (RLIN) | 171024 |
| 245 10 - TITLE STATEMENT | |
| Title | য়্যানিম্যাল ফার্ম / |
| Statement of responsibility, etc. | জর্জ অরওয়েল ; অনুবাদক, গৌরীশঙ্কর ভট্টাচার্য |
| 260 ## - PUBLICATION, DISTRIBUTION, ETC. (IMPRINT) | |
| Place of publication, distribution, etc. | কলিকাতা : |
| Name of publisher, distributor, etc. | মিত্র ও ঘোষ, |
| Date of publication, distribution, etc. | ১৯৪৬ |
| 300 ## - PHYSICAL DESCRIPTION | |
| Pagination | ১৩৮ পৃ. ; |
| Size | ১৯ সেমি. |
| 600 ## - SUBJECT ADDED ENTRY--PERSONAL NAME | |
| Personal name | জর্জ অরওয়েল দেখিয়েছেন, জর্জ |
| Dates associated with a name | ১৯০৩-১৯৫০ |
| General subdivision | এনিম্যাল ফার্ম |
| -- | চলচ্চিত্রায়ণ |
| Personal name | Orwell, George |
| Dates associated with a name | 1903-1950 |
| General subdivision | Animal farm |
| -- | Film adaptations |
| 650 ## - SUBJECT ADDED ENTRY--TOPICAL TERM | |
| Topical term or geographic name as entry element | রাজনৈতিক বিদ্রুপ, ইংরেজি |
| Form subdivision | নাটক |
| 9 (RLIN) | 191101 |
| Topical term or geographic name as entry element | Political satire, English |
| Form subdivision | Drama. |
| 9 (RLIN) | 191102 |
| Topical term or geographic name as entry element | গৃহপালিত পশু |
| Form subdivision | নাটক |
| 9 (RLIN) | 191103 |
| Topical term or geographic name as entry element | Domestic animals |
| Form subdivision | Drama |
| 9 (RLIN) | 191104 |
| 700 ## - ADDED ENTRY--PERSONAL NAME | |
| Personal name | ভট্টাচার্য, গৌরীশঙ্কর |
| 942 ## - ADDED ENTRY ELEMENTS (KOHA) | |
| Source of classification or shelving scheme | Dewey Decimal Classification |
| Koha item type | Books |
| Lost status | Source of classification or shelving scheme | Damaged status | Not for loan | Collection code | Permanent Location | Current Location | Shelving location | Date acquired | Source of acquisition | Cost, normal purchase price | Total Checkouts | Full call number | Date last seen | Copy number | Koha item type |
|---|---|---|---|---|---|---|---|---|---|---|---|---|---|---|---|
| Dewey Decimal Classification | Not For Loan | Non-fiction | Central Library, University of Rajshahi | Central Library, University of Rajshahi | Reading Room | 30/01/1958 | Kamala Book, Calcutta | 3.50 | B 791.4372 ORA 1946 | 14/02/2017 | C-1 | Books |